Ville au pays - Tuiles imagées - Statistiques

Statistiques générales
  • Ce quiz a été pris 370 fois
  • Le résultat moyen est 60 sur 80
Statistiques - réponses
Question Tuile Select % Correct
Italie Non
99%
Italie Non
98%
Italie Non
98%
États-Unis Non
98%
Italie Oui
97%
États-Unis Non
97%
Italie Non
96%
États-Unis Oui
96%
États-Unis Non
96%
Royaume-Uni Non
96%
États-Unis Oui
95%
États-Unis Non
95%
Royaume-Uni Non
95%
Royaume-Uni Non
95%
Italie Non
94%
États-Unis Oui
94%
Royaume-Uni Non
94%
Royaume-Uni Non
94%
Royaume-Uni Non
94%
Italie Non
93%
Espagne Non
93%
Espagne Non
93%
États-Unis Non
92%
Allemagne Non
92%
Italie Non
91%
Espagne Non
91%
Italie Non
90%
États-Unis Non
90%
Allemagne Non
90%
États-Unis Non
89%
Allemagne Non
89%
Allemagne Non
89%
Espagne Non
89%
Espagne Non
89%
Royaume-Uni Oui
89%
Espagne Non
88%
Espagne Oui
87%
Royaume-Uni Oui
87%
Royaume-Uni Non
87%
Allemagne Oui
86%
Allemagne Non
86%
Espagne Non
86%
Espagne Non
86%
Royaume-Uni Non
86%
Italie Oui
85%
Espagne Non
85%
États-Unis Oui
84%
États-Unis Non
83%
Allemagne Non
83%
Allemagne Non
83%
Italie Oui
78%
États-Unis Oui
77%
Italie Oui
75%
Allemagne Non
68%
Italie Oui
67%
Allemagne Non
67%
Allemagne Oui
66%
Allemagne Oui
57%
Espagne Oui
54%
Royaume-Uni Non
54%
Royaume-Uni Oui
52%
Royaume-Uni Oui
52%
Royaume-Uni Oui
52%
Espagne Oui
51%
Espagne Oui
49%
Italie Oui
47%
États-Unis Oui
46%
Allemagne Oui
46%
Italie Oui
44%
Espagne Oui
42%
Royaume-Uni Oui
39%
États-Unis Oui
37%
Espagne Oui
35%
États-Unis Oui
34%
Allemagne Oui
29%
Italie Oui
28%
Royaume-Uni Oui
28%
Espagne Oui
27%
Allemagne Oui
26%
Allemagne Oui
18%
Aucun quiz correspondant
Distribution des résultats
% des personnes avec chaque résultat
Percentile par nombre de réponses
Votre historique - résultats
Vous n’avez pas pris ce quiz